| 000 | 00747 a2200217 4500 | ||
|---|---|---|---|
| 005 | 20250417083636.0 | ||
| 020 | _a0620001380 (v. 1) | ||
| 050 | 0 | 0 |
_aSB453.3.S6 _bREA 1971 |
| 110 | 2 | _aReader's Digest Association (Great Britain) | |
| 245 | 1 | 0 | _aReader's Digest Complete guide to gardening in South Africa |
| 250 | _a[First edition] | ||
| 264 |
_aCape Town : _bThe Reader's Digest Association, _c1971 |
||
| 300 |
_a2 volumes _billustrations. (part coloured) |
||
| 336 |
_2rdacontent _atext _btxt |
||
| 337 |
_2rdamedia _aunmediated _bn |
||
| 338 |
_2rdacarrier _avolume _bnc |
||
| 504 | _aIncludes glossary of gardening terms | ||
| 650 | 0 | _aGardening | |
| 710 | _aReader's Digest Association (Great Britain) | ||
| 942 |
_2lcc _cBK _h453.3.S6 _iREA _kSB |
||
| 999 |
_c5787 _d5787 |
||